000 00583nam a22002177a 4500
005 20170124110100.0
010 _aA-228216
020 _c00.00
035 _aA-228216
037 _bCen Lib/Ret
040 _aDPL
_bEN
082 _a658.15
_bBHA
100 _aBhattacharya, S.K.
_91410
245 _aAccounting for management /
_cby S.K. Bhattacharya
260 _b
300 _axiii, 696p.
_c23cm(Hb)
500 _aIncludes index
650 _aAccounting management
_926949
650 _aFinancial accounting
_919781
942 _2ddc
_cEN
_h658.15
_mBHA
999 _c129626
_d129626